000 00817nam a2200253Ia 4500
003 OSt
005 20221005113422.0
006 a|||||r|||| 00| 0
007 ta
008 221004b |||||||| |||| 00| 0 pan d
020 _c100
024 _a26581
037 _b983, 16/12/2015, H.K. Prakashan
_cTextual
040 _aCRL
_cCRL
_bpan
041 _2pan
_apan
082 _aO153,3NPA6x, P4
100 _aਪਰਵਾਨਾ, ਬਲਬੀਰ
245 0 _aਧੂੰਆਂ
260 _aਲੁਧਿਆਣਾ
_bਚੇਤਨਾ ਪ੍ਰਕਾFਨ ਭਾਰਤ
_c2004
300 _a103ਪੰ
_ccm.
650 _aਪੰਜਾਬੀ ਸਾਹਿਤ
942 _hO153,3NPA6x, P4
_cTEXL
_2cc
999 _c1028118
_d1028118